[Event "Pennant A"]
[Site "Adelaide"]
[Date "1998.11.17"]
[Round "6.1"]
[White "Sheldrick, Kevin"]
[Black "Fraatz, Oliver"]
[Result "1-0"]
[WhiteElo "1801"]
[BlackElo "1669"]
[Annotator "Fritz 5.00 - Anderson-Smith,W"]
[PlyCount "91"]
[EventDate "1998.10.13"]
[EventType "team"]
[EventRounds "6"]
[EventCountry "AUS"]

1. e4 e6 2. d4 d5 3. Nc3 Bb4 {French Defence, Winawer Variation} 4. e5 Qd7 5.
a3 Bxc3+ 6. bxc3 b6 7. Qg4 (7. Nh3 Ba6 8. Bxa6 Nxa6 9. Qg4 f5 10. Qh5+ g6 11.
Qe2 Nb8 12. c4 dxc4 13. Qxc4 Qc6 14. Qxc6+ Nxc6 15. Bb2 Nge7 16. O-O-O Nd8 17.
c4 c6 18. Nf4 O-O 19. h4 Rc8 20. Kb1 Kf7 21. d5 cxd5 22. cxd5 Nxd5 23. Nxd5
exd5 24. Rxd5 Re8 25. h5 g5 26. e6+ Nxe6 27. Rxf5+ Kg8 28. f4 Rc5 29. Rxc5 bxc5
30. f5 Nd4 31. Rc1 Re5 32. g4 Re4 33. Rxc5 Rxg4 34. Rd5 Nf3 35. Rd8+ Kf7 36.
Rd7+ Kf8 37. Rxh7 Rh4 38. f6 g4 39. a4 Ng5 40. Ba3+ Ke8 41. Re7+ Kd8 42. f7
Rh1+ 43. Kc2 Rh2+ 44. Kd1 Rh1+ 45. Ke2 Nxf7 46. Rxf7 Rxh5 47. Rxa7 Kc8 48. Bd6
Rd5 49. Rc7+ Kd8 50. Bg3 Ra5 51. Rc4 {
1-0 Kristiansen,J-Beulen,M/Lyngby op 1990/EXT 90op}) 7... f5 8. Qg3 Ba6 9. Bxa6
Nxa6 10. Ne2 Nb8 (10... O-O-O 11. h4 (11. a4 Nb8 12. a5 Kb7 13. O-O Nc6 14.
axb6 cxb6 15. Bg5 Rb8 16. Rfb1 Ka8 17. c4 dxc4 18. Nc3 h6 19. d5 exd5 20. e6
Qxe6 21. Bf4 Rb7 22. Re1 Qd7 23. Nxd5 Nf6 24. Nc7+ Rxc7 25. Bxc7 Ne4 26. Rxe4
fxe4 27. Bxb6 Re8 28. h3 Rb8 29. Be3 Qe7 30. Qg4 Rd8 31. Qf5 Rd7 32. Qb5 Ne5
33. Bf4 Nf3+ 34. gxf3 Rb7 35. Qxc4 Qe8 36. Qxe4 {
1-0 Riemersma,L-Beulen,M/Amsterdam OHRA-B 1987/TD 87\05}) 11... Nb8 12. h5 Nc6
13. Kf1 Na5 14. h6 g6 15. Bg5 Re8 16. Qd3 Qa4 17. f3 Nc4 18. Kf2 Nb2 19. Qd2
Nc4 20. Qd1 Ne7 21. Ra2 Nc6 22. Nf4 Nd8 23. Bf6 Rhg8 24. g4 fxg4 25. fxg4 Nf7
26. Kg3 Qa5 27. Qd3 c5 28. g5 cxd4 29. cxd4 Nd2 30. Kg4 Kb7 31. c3 Nc4 32. Rf1
Qb5 33. Kh4 Qb3 34. Raf2 Qxa3 35. Qh3 Qa5 36. Nxe6 Rxe6 37. Be7 Re8 38. Bb4 Qa4
39. Rxf7+ Kc6 40. R1f6 Rxf6 {1-0 Dolmatov,S-Timmer,R/Bern op 1994/TD 94\02})
11. Nf4 Nc6 12. Nxe6 Qxe6 13. Qxg7 Qg6 14. Qxh8 O-O-O 15. Be3 (15. Bd2 Rd7 16.
O-O-O h5 17. g4 fxg4 18. f4 Nce7 19. e6 Rd8 20. f5 Nxf5 21. Qe5 Nge7 22. Rhf1
h4 23. Rde1 a5 24. Bf4 Rd6 25. Qh8+ Rd8 26. Qe5 Rd6 27. Qe2 Rc6 28. Rg1 g3 29.
hxg3 hxg3 {Krakops,M-Del Rio,S/EU-chJM U20 1996/1-0 (46)}) 15... Rd7 16. g4 $14
(16. c4 f4 17. cxd5 Rxd5 18. O-O-O fxe3 19. fxe3 Kb7 20. Rhf1 Qg5 21. Rf4 Rd7
22. g4 Rg7 23. h4 Qe7 24. e6 Qxa3+ 25. Kd2 Qe7 26. Rdf1 Rg6 27. d5 Qd6 28. c4
Ne5 29. Ke2 Ne7 30. Rf8 Nxc4 31. Rb8+ Ka6 32. Qe8 Qa3 33. Ra1 Qxa1 34. Qxe7
Qb2+ 35. Kf3 Rf6+ {0-1 Jacoby,F-Lieb,H/BL2-N 1993/BL2}) (16. O-O-O $142 {
White has the better game} h5 17. g4 fxg4 18. f4 $18) 16... fxg4 $2 $18 (16...
f4 $142 $14 {would keep Black in the game}) 17. f4 {
The passed pawn on f4 quickly leads to threats} Nce7 18. e6 $16 (18. O-O Nf5
19. Rae1 $14) 18... Rd6 19. Kd2 Rxe6 20. Rhe1 $11 (20. Rhf1 $5 Rf6 21. Rae1 $16
) 20... Qf7 {With the idea Ng6} 21. f5 Nxf5 22. Rf1 $4 $19 {
with this move White loses his initiative} (22. Bf2 $142 $11 {
had to be tried to avoid defeat}) 22... Re8 $1 {decapitation} (22... Rxe3 $6
23. Rxf5 Qxf5 24. Qxg8+ Kb7 25. Kxe3 Qf3+ 26. Kd2 Qf2+ 27. Kc1 Qf1+ 28. Kb2
Qb5+ 29. Ka2 Qc4+ 30. Kb1 Qb5+ 31. Kc1 Qf1+ 32. Kb2 Qb5+ 33. Ka2 Qc4+ 34. Kb1
Qb5+ 35. Kc1 Qf1+ $11) 23. Bg5 Qg6 24. Rxf5 {
White has to return some of his gains} Qxf5 25. Qg7 Qf2+ (25... Qf3 $142 {
and Black takes home the point} 26. Kc1 Qxc3 $19) 26. Kc1 Qxh2 27. Qf7 Qh1+ $17
(27... Qe2 $142 $5 $19) 28. Kb2 Qe4 29. Bf4 {The mate threat is Qxc7} Qe7 30.
Qxd5 Kb8 31. Bg5 (31. Rf1 Rd8 32. Qc4 h5 $15) 31... Qe4 (31... Qe6 32. Qb5 $17)
32. Qf7 h6 33. Bh4 Qe6 34. Qf4 $17 (34. Rf1 $5 {must be considered} Qxf7 35.
Rxf7 $17) 34... Qe4 $11 (34... Qd7 $142 $5 $17) 35. Qf7 h5 $4 $18 {
throws away a nice position} (35... Qc6 $142 $15 {saving the game}) 36. Re1 Nh6
(36... Qxe1 {cannot change destiny} 37. Bxe1 Rxe1 38. Qxg8+ Kb7 39. Qd5+ Ka6
40. Qxh5 $18) 37. Qxe8+ {White gets the initiative} Qxe8 38. Rxe8+ Kb7 39. Rh8
(39. Rf8 $5 {makes it even easier for White} g3 40. Bxg3 b5 $18) 39... Nf5 40.
Rxh5 Ne3 41. Rg5 g3 (41... Nc4+ {hardly improves anything} 42. Ka2 $18) 42.
Bxg3 Nc4+ 43. Ka2 Kc6 (43... c6 {cannot undo what has already been done} 44.
Rg7+ Ka8 45. Kb3 Nd2+ 46. Ka4 $18) 44. Rg7 (44. d5+ {keeps an even firmer grip}
Kd7 $18) 44... Nd6 45. c4 (45. Bxd6 {might be the shorter path} Kxd6 46. c4 a6
$18) 45... Ne4 (45... Nxc4 {praying for a miracle} 46. Rxc7+ Kd5 $18) 46. Rxc7#
1-0

[Event "Pennant A"]
[Site "Adelaide"]
[Date "1998.11.17"]
[Round "6.2"]
[White "Amini, Amir"]
[Black "Ayris, Tony"]
[Result "0-1"]
[WhiteElo "1412"]
[BlackElo "1900"]
[Annotator "Fritz 5.00 - Anderson-Smith,W"]
[PlyCount "117"]
[EventDate "1998.10.13"]
[EventType "team"]
[EventRounds "6"]
[EventCountry "AUS"]

1. d4 Nf6 2. c4 c5 3. Nf3 g6 4. Nc3 Bg7 5. e4 cxd4 6. Nxd4 d6 7. Be2 O-O 8. Be3
Nc6 {Sicilian Defence, Maroczy Bind (by transposition)} 9. O-O Bd7 10. Rc1 Nxd4
11. Bxd4 Bc6 12. f3 a5 13. Nd5 (13. b3 Nd7 (13... Bh6 14. Rb1 Nd7 15. a3 Nc5
16. b4 axb4 17. axb4 Ne6 18. Bf2 Ra3 19. Rb3 Ba4 20. Nxa4 Rxa4 21. c5 Ra2 22.
Bc4 Rd2 23. Qb1 Qc8 24. Rd3 Rxd3 25. Qxd3 dxc5 26. Bxe6 fxe6 27. bxc5 Rd8 28.
Qb3 Bg7 29. Rd1 {1/2-1/2 Zelic,Z-Velimirovic,D/Belgrade GMA 1988/TD 88\07}) 14.
Be3 Nc5 15. Nd5 (15. Qd2 Qb6 16. Nb5 Rfc8 17. Rfd1 Qd8 18. Bf1 b6 19. Nc3 Qd7
20. Nd5 Qb7 21. Re1 Rd8 22. Bg5 Rd7 23. Rcd1 Ne6 24. Be3 Nc5 25. Bg5 Ne6 26.
Be3 Nc5 27. Qf2 e6 28. Qh4 exd5 29. cxd5 b5 30. dxc6 Qxc6 31. Rd5 Rb8 32. Red1
Ne6 33. Rc1 Qa6 34. a4 Nc7 35. Bxb5 Nxb5 36. axb5 Qb7 37. b6 Ra8 38. Qf2 a4 39.
bxa4 Rxa4 40. Qc2 Ra8 41. Qc6 Bb2 42. Qxb7 Rxb7 43. Rc7 {
1-0 Stohl,I-Prasad,D/Novi Sad olm 1990/TD 90\06}) 15... e6 16. Nc3 Qe7 17. Qd2
Rfd8 18. Rfd1 Rd7 19. Nd5 Qd8 20. Bg5 f6 21. Be3 Kh8 22. Bf1 b6 23. Nc3 f5 24.
exf5 gxf5 25. Qc2 Qh4 26. Qf2 Qh5 27. Ne2 Rg8 28. Ng3 Qg6 29. Rc2 Be5 30. f4
Bf6 31. Bd4 Bxd4 32. Qxd4+ Rgg7 33. Rc3 h5 34. h4 Qg4 35. Qd2 Qxh4 36. a3 Kg8
37. Qf2 Rg4 38. b4 Rxf4 39. Qe3 Ne4 40. Nxe4 Bxe4 41. c5 axb4 42. axb4 bxc5 43.
bxc5 d5 44. c6 Rc7 45. Rcc1 Qg5 46. Qb6 Qe7 47. Qb8+ Kh7 48. Be2 Bxg2 49. Rd2
Qg5 50. Qxc7+ Kh6 51. Rc3 Be4+ 52. Bg4 Qxg4+ 53. Kh2 Rf2+ {
0-1 Brodsky,M-Serper,G/URS-chJ Kherson 1991/EXP 21}) 13... Bxd5 (13... Nd7 14.
Bxg7 Kxg7 15. Qd4+ e5 16. Qe3 Bxd5 17. cxd5 Nc5 18. b3 Qb6 19. Rc4 Qa7 20. Rfc1
b5 21. R4c2 Rfb8 22. Kh1 b4 23. f4 Qe7 24. Rf1 a4 25. Bc4 axb3 26. axb3 exf4
27. Qxf4 f6 28. h4 Qe5 29. Re2 Ra1 30. Ref2 Nxe4 31. Qxe5 Rxf1+ 32. Rxf1 fxe5
33. Ra1 Nd2 34. Ra7+ Kf6 35. Be2 Nxb3 36. Rd7 Rb6 37. Rxh7 e4 38. g4 Nd4 39.
g5+ Ke5 40. Re7+ Kxd5 41. h5 Nxe2 42. hxg6 Rb8 43. g7 Rg8 {
0-1 Mueller,K-Cebalo,M/EUCup Maribor 1995/EXP 49}) 14. cxd5 Nd7 15. Bxg7 $146 (
15. Be3 Bxb2 16. Rb1 Ba3 17. Rxb7 Bc5 18. Bxc5 Nxc5 19. Rb1 Rb8 20. Bb5 a4 21.
Qd4 Qa5 22. Bc6 a3 23. e5 Qa6 24. exd6 exd6 25. Rfd1 Qe2 26. Qf2 Qxf2+ 27. Kxf2
Nd3+ 28. Ke3 Nb4 29. Rb3 Rfc8 30. Rdb1 Nxc6 31. dxc6 Rxb3+ 32. Rxb3 Rxc6 33.
Kd3 Ra6 34. Kc4 Rc6+ 35. Kd3 Ra6 {1/2-1/2 Weissmann,A-Gottschlich,C/DLM 1994})
15... Kxg7 16. Qd4+ Kg8 17. Rc3 Rc8 18. Rfc1 Rxc3 19. Rxc3 Nc5 20. Ra3 (20. b3
b6 $14) 20... Qb6 21. Rb3 Qc7 22. Rb5 Rc8 23. Qc3 b6 24. a3 Na4 25. Qxc7 Rxc7
26. Bf1 Rc5 27. b3 Rxb5 28. Bxb5 Nc3 29. Bd3 Kf8 30. Kf1 b5 31. Ke1 b4 32. Kd2
e6 33. dxe6 fxe6 34. axb4 axb4 35. Ke3 e5 36. Bc4 Ke7 37. Bg8 h6 38. Kd3 Kd7
39. Kc4 Na2 40. h4 g5 41. hxg5 hxg5 42. Kd5 $11 (42. Bh7 $142 $5 $16) 42...
Nc3+ 43. Kc4 Na2 44. Kb5 Kc7 45. Bc4 Kb7 46. Bd3 Kc7 47. Kc4 Kc6 48. Bb1 Nc3
49. Bd3 $11 (49. Bc2 $142 $5 $16) 49... Na2 50. Bc2 Kd7 51. Kb5 {
Active king in the endgame} Kc7 52. Bd3 Kb7 53. Bc4 Kc7 54. Bd5 Kd7 55. Kb6 Nc3
56. Bc6+ Ke6 (56... Ke7 57. Ka5 $14) 57. Kc7 $11 (57. Ka5 $5 $16) 57... d5 58.
Bd7+ Ke7 59. Bf5 $4 $19 {throwing away the advantage} (59. exd5 $142 {
would be a reprieve} Nxd5+ 60. Kc6 $11) 0-1

[Event "Pennant A"]
[Site "Adelaide"]
[Date "1998.11.17"]
[Round "6.3"]
[White "Lidums, Aivars"]
[Black "Riches, L John"]
[Result "0-1"]
[WhiteElo "1601"]
[BlackElo "1724"]
[Annotator "Fritz 5.00 - Anderson-Smith,W"]
[PlyCount "114"]
[EventDate "1998.10.13"]
[EventType "team"]
[EventRounds "6"]
[EventCountry "AUS"]

1. d4 Nf6 2. c4 g6 3. Nc3 Bg7 4. e4 d6 5. Nf3 O-O 6. Be2 {
King's Indian Defence, Orthodox System} c5 7. O-O (7. d5 e6 8. O-O (8. Nd2 exd5
9. cxd5 Re8 10. O-O Na6 11. f3 Nc7 12. a4 b6 13. Kh1 Rb8 14. Nc4 Ba6 15. Bg5
Qd7 16. b3 Nh5 17. Rc1 Bd4 18. g4 Ng7 19. Bf4 Bxc4 20. bxc4 Re7 21. Bd3 Rbe8
22. Ne2 Be5 23. Bd2 f5 24. exf5 gxf5 25. f4 Bf6 26. g5 Bd4 27. Ng3 Be3 28. Bxe3
Rxe3 29. Qc2 Rf8 30. Rce1 Rxe1 31. Rxe1 a6 32. h4 b5 33. cxb5 axb5 34. axb5
Nxb5 35. Qa4 Rb8 36. Rb1 Qe8 37. Rxb5 Ra8 38. Qb3 Nh5 39. Nxh5 {
1-0 Ivanchuk,V-Manor,I/WchJM-U20 Adelaide 1988/TD 88\09}) (8. h3 Re8 9. O-O
exd5 10. exd5 Ne4 11. Nxe4 Rxe4 12. Bd3 Re8 13. Bg5 Qc7 (13... Qb6 $5 14. Rb1
Bd7 (14... Nd7 {/\Ne5} 15. Qa4 $5 $13) 15. a3 a5 16. b3 $14 {
Karpov,A-Rashkovsky,N,URS(ch) 1973}) 14. Re1 Bd7 15. Qd2 $1 Na6 {(=Huebner,ECO)
} 16. Bh6 Bh8 17. Rxe8+ Rxe8 18. Rc1 Qd8 19. b3 Qf6 20. Bf4 $1 $14 {><d6} Bg7
21. Kh2 Nb8 (21... Nc7 22. Bg3 b6 23. a3 h6 24. b4 $14) 22. Kg3 $2 Bc8 23. Qa5
$6 h6 $1 $138 24. Qc7 $4 g5 $1 25. Bd2 Na6 26. Qa5 Nb4 27. Bf1 Qb2 $19 {/\Be5}
28. Kh2 g4 $1 29. Re1 Rxe1 30. Bxe1 b6 31. Qa4 gxf3 32. Qe8+ Kh7 33. Qxc8 Qe5+
34. Kg1 fxg2 35. Kxg2 Qe4+ 36. Kg1 Qxe1 37. a3 Na2 38. Qf5+ Kg8 39. Kg2 Qe5 40.
Qd7 Nc3 41. Qxa7 Ne4 42. Bd3 Qg5+ 43. Kf1 Qc1+ 44. Kg2 Qg5+ 45. Kf1 Nd2+ {
0-1 Hertneck,G-Nielsen,P/Bad Lauterberg 1991/[Dautov]}) 8... Re8 9. dxe6 Bxe6
10. Bf4 Nc6 11. Bxd6 Nd4 12. e5 Nd7 13. Nxd4 cxd4 14. Qxd4 Nxe5 15. Bxe5 Qxd4
16. Bxd4 Bxd4 17. Rac1 Rad8 18. b3 Bxc3 19. Rxc3 Rd2 20. Bf3 Rxa2 21. Bxb7 Rb8
22. Bf3 Ra3 23. Bd1 a5 24. Rc1 Rc8 25. Re1 a4 26. bxa4 Rxc4 27. Rxc4 Bxc4 28.
f4 Ra2 29. Re8+ Kg7 30. Rd8 h5 31. Rd4 Be6 32. Bf3 Kf6 33. h3 Ke7 34. Bc6 Rc2
35. Bb5 Ra2 36. Kh2 h4 37. Kg1 Ra1+ 38. Kf2 Ra2+ 39. Kf1 Bf5 40. Bc6 Rc2 41.
Bd5 Be6 42. Be4 Ra2 43. Bc6 Rc2 44. Bb5 Ra2 45. Kg1 Bf5 46. Kh2 Ra1 47. Rc4 Be6
48. Re4 Ra2 49. f5 gxf5 50. Rxh4 Bd5 51. Bf1 Be4 52. Rf4 Rxa4 53. Rf2 Kf6 54.
Rd2 f4 55. Be2 Ra3 56. Bh5 Ra5 57. Bg4 Kg5 58. Rb2 {
1/2-1/2 Danner,G-Kosic,D/Prague Bohemians 1989/CBM 12}) 7... Nc6 8. d5 Ne5 (
8... Nb4 9. a3 Na6 10. Rb1 Bg4 11. Ne1 Qd7 12. Bxg4 Nxg4 13. Bd2 Be5 14. Nf3
Nc7 15. Nxe5 Nxe5 16. Qe2 Ne8 17. Bh6 Ng7 18. h3 Rfe8 19. f4 Nxc4 20. Qxc4 Nh5
21. Rf3 Rab8 22. Ne2 b5 23. Qc3 b4 24. axb4 cxb4 25. Qd4 Qa4 26. Ng3 f6 27.
Nxh5 gxh5 {1-0 Falk,T-Ockenfels,S/RL-chJW U20 Bad Marienberg 1993/GER 05}) 9.
Nxe5 dxe5 10. Be3 b6 11. Qd2 $146 (11. a3 a5 12. Rb1 a4 13. f3 Bd7 14. f4 Qc8
15. d6 exd6 16. fxe5 Ng4 17. Bxg4 Bxg4 18. Qxd6 Qe6 19. Nd5 Qxe5 20. Qxe5 Bxe5
21. Nxb6 Ra6 22. Bxc5 Rb8 23. Nd5 Be2 24. Rfe1 Bxc4 25. Bb4 Bd4+ {
Koerner,H-Schaefer,J/BL2-SW 8788 1988/BL2/1/2-1/2 (50)}) 11... a6 {Covers b5}
12. Bh6 Qd6 13. Bxg7 Kxg7 14. a3 Bd7 15. Qg5 Ne8 16. Rab1 Kh8 $14 (16... f5 17.
b4 $11) 17. f4 f5 18. Kh1 Rb8 (18... exf4 19. Rxf4 Rd8 20. Rbf1 $14) 19. fxe5
Qxe5 20. Bg4 Nd6 21. exf5 Qf6 22. Qxf6+ Rxf6 23. Be2 $11 (23. Rbe1 Rf7 $14)
23... gxf5 $14 (23... Bxf5 24. Rbe1 $11) 24. Bd3 e5 25. dxe6 {
Don't underestimate that pawn} Bxe6 26. Nd5 {Menacing} Bxd5 27. cxd5 c4 28. Be2
b5 29. Bf3 a5 {Black intends b4} 30. Rfe1 b4 {Black gets more space} 31. Re6 $4
$19 {releasing the pressure on the opponent} (31. Kg1 $142 $11 {
the rescuing straw}) 31... Rxe6 32. dxe6 Kg7 $17 (32... bxa3 $142 {
secures the win} 33. g3 a4 $19) 33. Rd1 $4 $19 {solves nothing} (33. axb4 Rxb4
34. Rd1 Rxb2 35. Rxd6 $19) 33... Rb6 $16 (33... bxa3 $142 {
and the result of the game is clear: Black will win} 34. bxa3 c3 $19) 34. Bd5
$4 $19 {stumbles just before the finish line} (34. axb4 $142 a4 35. e7 $16)
34... Kf6 $17 (34... bxa3 $142 {and Black has prevailed} 35. Bxc4 Nxc4 36. bxa3
Nxa3 $19) 35. Kg1 (35. g3 bxa3 36. bxa3 c3 $17) 35... c3 36. bxc3 bxc3 (36...
bxa3 $6 37. Ra1 $11) 37. Rc1 Rb5 38. Bc6 Rc5 $15 (38... Rb3 39. Kf2 $17) 39.
Bd7 Ne4 40. Rc2 Rd5 $11 (40... f4 41. Kf1 $15) 41. Kf1 Rd1+ 42. Ke2 Ra1 43. e7
Kxe7 44. Bxf5 Nd6 45. Bxh7 Nb5 46. Kd3 Rxa3 47. Be4 Kd6 48. Bg6 Kd7 49. h4 Ra4
50. h5 Rd4+ $16 (50... Ke7 51. Re2+ Kf6 52. Rf2+ Kg7 53. Rf5 $14) 51. Ke3 Rh4
52. Kd3 $11 (52. g4 $142 $5 $16) 52... a4 $14 (52... Rd4+ $5 53. Ke3 Rh4 $11)
53. Bf7 $15 (53. g3 $142 $5 {is an interesting idea} Rd4+ 54. Ke3 $16) 53... a3
$11 (53... Ke7 54. Bg6 $15) 54. Re2 Rd4+ 55. Kc2 Ra4 $14 (55... Rb4 56. h6 Kd6
57. Re6+ Kc7 58. Re5 Rb2+ 59. Kd3 Rd2+ 60. Ke3 $14) 56. Be8+ Kd6 $16 (56... Kd8
57. Bxb5 a2 58. Re8+ Kc7 59. Re1 $11 (59. Bxa4 $2 {is seductive, but} a1=Q 60.
Re4 Qb2+ 61. Kd3 Qd2+ 62. Kc4 c2 (62... Qxg2 63. Re7+ Kb6 64. Re6+ Ka5 65. Bb3
$19) 63. Re7+ Kb6 64. Re6+ Ka5 65. Bxc2 Qxc2+ 66. Kd4 Qd1+ 67. Kc3 Qxh5 $19))
57. Kb1 $4 $19 {a weak move, ruining a winning position} (57. Re1 Rb4 58. h6
$18) 57... Rb4+ (57... Rb4+ 58. Ka1 Nd4 $19) 0-1

[Event "Pennant A"]
[Site "Adelaide"]
[Date "1998.11.17"]
[Round "6.4"]
[White "Howard, George"]
[Black "Wawryck, Stephen"]
[Result "0-1"]
[WhiteElo "1571"]
[BlackElo "1472"]
[Annotator "Fritz 5.00 - Anderson-Smith,W"]
[PlyCount "60"]
[EventDate "1998.10.13"]
[EventType "team"]
[EventRounds "6"]
[EventCountry "AUS"]

1. e4 c5 {Sicilian Defence} 2. b3 d6 3. Nf3 (3. Bb2 Nf6 (3... Nc6 4. Nf3 Nf6 5.
Nc3 g6 6. Nd5 e5 7. Bb5 Bg7 8. Nxf6+ Bxf6 9. Bxc6+ bxc6 10. d3 Bg7 11. O-O O-O
12. Nd2 Bh6 13. Nc4 f5 14. exf5 Rxf5 15. Qe2 Be6 16. Rae1 Qe7 17. Bc1 Bg7 18.
f3 Raf8 19. Nd2 R5f7 20. Ne4 h6 21. Be3 Kh7 22. Qd2 Qc7 23. Qf2 Qd8 24. Qg3 Bf5
25. Qf2 Be6 26. Qd2 Qc7 27. a3 Bf5 28. Ng3 Bc8 29. Ne4 Bf5 30. Bf2 Rb8 31. h3
Rbf8 32. Qe2 Qd8 33. Be3 Bc8 34. Qd2 Bf5 {
1/2-1/2 Spassky,B-Kindermann,S/BL 8586 1986/BL 80}) 4. Nc3 Nc6 5. f4 g6 (5...
Bg4 6. Be2 Bxe2 7. Qxe2 e6 8. Nf3 Be7 9. O-O-O Nd4 10. Qe3 Ng4 11. Qg1 Bf6 12.
h3 Nh6 13. Qe3 Nxf3 14. Qxf3 Bd4 15. g4 f6 16. Kb1 Nf7 17. Bc1 c4 18. Ne2 Bb6
19. bxc4 Qc7 20. Qb3 O-O 21. d3 Rab8 22. f5 e5 23. Nc3 Bc5 24. h4 Qd8 25. Ba3
Bd4 26. Nb5 Bc5 27. d4 exd4 28. Nxd4 Qa5 29. Bxc5 dxc5 30. Ne6 Rfc8 31. Qg3 Ne5
32. g5 b5 33. gxf6 bxc4+ 34. Ka1 Ng4 35. f7+ Kxf7 36. Rd7+ Ke8 37. Rhd1 Qb4 38.
Nxg7+ Kf8 39. Ne6+ Ke8 40. Ng7+ Kf8 41. Ne6+ Ke8 42. Ng7+ Kf8 43. Ne6+ Ke8 44.
Re7+ Kxe7 45. Qd6+ Kf7 46. Qd7+ {
1-0 Velickovic,S-Gruenfeld,Y/Belgrade GMA 1988/CBM 10}) 6. Bb5 Bd7 7. Nf3 Bg7
8. d3 a6 9. Bxc6 Bxc6 10. O-O O-O 11. Qe1 b5 12. Qh4 c4 13. e5 Bxf3 14. Rxf3 b4
15. Rh3 h5 16. Na4 c3 17. Bxc3 bxc3 18. exf6 Bxf6 19. Qg3 Qa5 20. Rf1 Bd4+ 21.
Kh1 Qf5 22. Qe1 Qe6 23. Qd1 f5 24. Re1 Qf6 25. Qf3 e5 26. Qd5+ Kh8 27. Rf3 Rae8
28. Qc6 d5 29. Qxd5 exf4 30. Rff1 Re3 31. Rc1 Rd8 32. Qc4 Re2 33. Rfe1 f3 34.
Rxe2 fxe2 35. Re1 f4 36. Rxe2 f3 37. Re6 fxg2+ 38. Kxg2 Qf2+ 39. Kh3 Qf3+ {
0-1 Honfi,K-Taimanov,M/WchS-Bad Woerishofen 1992/EXT 92ch}) 3... Nc6 4. Bb5 Bd7
5. O-O Nf6 6. Re1 (6. d3 e6 7. Bb2 Be7 8. c4 O-O 9. Bxc6 Bxc6 10. Nc3 a6 11. a4
b6 12. Re1 Bb7 13. d4 cxd4 14. Qxd4 Qc7 15. Nd2 Rfd8 16. a5 bxa5 17. Na4 Bf8
18. Re3 Nd7 19. Rg3 f6 20. Bc3 Re8 21. Nb2 Ne5 22. Bxa5 Qf7 23. Bc3 d5 24. exd5
exd5 25. c5 Rad8 26. Nd3 Kh8 27. Nf3 Nc6 28. Qf4 d4 29. Bb2 Qxb3 30. Nxd4 Nxd4
31. Bxd4 Re4 32. Ne5 Rxf4 33. Rxb3 fxe5 34. Bxe5 Rf7 {
0-1 Ivanov,A-Petursson,M/London Lloyds 1994/EXP 43}) 6... e5 7. c3 Be7 8. d4
Qc7 $14 (8... cxd4 9. cxd4 O-O 10. Bb2 Qb6 11. Bxc6 Bxc6 12. Nbd2 Rad8 13. Qe2
Bb5 14. Nc4 Bxc4 15. bxc4 Nxe4 16. Qxe4 Qxb2 17. Reb1 Qc3 18. Rc1 Qa3 19. Qxb7
Bf6 20. dxe5 dxe5 21. Qe4 Qc5 22. Rab1 Rc8 23. g3 {
Hund,B-Heinatz,G/BLW9293 1993/BIG 90/1-0 (40)}) (8... exd4 $5 9. cxd4 cxd4 $11)
9. d5 {White wins space} Nb8 10. Bxd7+ Nbxd7 11. Bg5 h6 12. Bxf6 $11 (12. Bc1
O-O $14) 12... Bxf6 13. c4 g6 14. Nc3 a6 {Controls b5} 15. Ne2 Qd8 16. a3 h5
17. Kh1 Bg7 18. Ra2 Qf6 19. b4 O-O 20. Qd2 b5 {Attacks the pawn chain} 21. cxb5
axb5 22. Rea1 Rfb8 23. a4 cxb4 24. axb5 Rxa2 25. Rxa2 $17 (25. Qxa2 $5 {
is worthy of consideration} Nc5 26. Qc4 $15) 25... Rxb5 26. Rb2 b3 27. Qd3 Rb7
28. Qc4 $19 (28. Nc1 Nc5 29. Qc3 Qd8 $19) 28... Nc5 29. Nc1 Qf4 30. Nxb3 (30.
Rxb3 Nxb3 31. Nxb3 Ra7 $19) 30... Qxe4 (30... Qxe4 31. Qxe4 Nxe4 $19) 0-1